000 007140000a22001930004500
090 _aAR
_b03005
245 1 0 _aPatterns in the distributions of species and the selection of natural reserves: an example from eucalyptus forests in south-eastern New South Wales
650 1 4 _aBiogeografía
_992747
650 1 4 _aAreas protegidas
_978
650 1 4 _aSelección de áreas protegidas
_992864
650 1 4 _aReservas forestales
_992525
650 1 4 _aBiología de la conservación
_93740
651 4 _dNueva Gales del Sur
_pAustralia
_992749
041 0 _aInglés
700 1 _aStein, J. L.
_996591
100 1 _aMargules, Chris R.
_912615
942 _cARTICULO
773 1 _tBiological Conservation
_3147
_q219-238
_d1989
_g50
999 _c12062
_d12062